000 00278nam a22000977a 4500
005 20250901165534.0
008 210604b |||||||| |||| 00| 0 eng d
050 _aBF233 .W55 1968
245 _aThe senses of man
_cWilentz, Joan Steen
942 _2lcc
_hBF233 .W55 1968
999 _c5515
_d5515